000 00457nam a2200157 4500
999 _c5438
_d5438
008 161103b xxu||||| |||| 00| 0 eng d
022 _a 9770118389007
082 _aDPer 641.05 F73 Mar-Jul 2013
100 _916746
_aDe Rivera, Angeli
245 _aHappy bacon/
_cAngeli De Rivera.
260 _aQuezon City:
_bABS CBN Publishing, Inc.,
_c©2013.
300 _apages 31-39;
_c30 cm.
500 _aFood.
650 0 _916747
_aFood
942 _2ddc
_cPER